|
|
|
|
| LEADER |
01688nam a2200433Ia 4500 |
| 001 |
EBC1214121 |
| 003 |
MiAaPQ |
| 005 |
20200520144314.0 |
| 006 |
m o d | |
| 007 |
cr cn||||||||| |
| 008 |
130501s2013 ne a sb 001 0 eng d |
| 010 |
|
|
|z 2013009558
|
| 020 |
|
|
|z 9789004245358 (hardback : alk. paper)
|
| 020 |
|
|
|a 9789004251571 (electronic bk.)
|
| 035 |
|
|
|a (MiAaPQ)EBC1214121
|
| 035 |
|
|
|a (Au-PeEL)EBL1214121
|
| 035 |
|
|
|a (CaPaEBR)ebr10718732
|
| 035 |
|
|
|a (CaONFJC)MIL497800
|
| 035 |
|
|
|a (OCoLC)851316160
|
| 040 |
|
|
|a MiAaPQ
|c MiAaPQ
|d MiAaPQ
|
| 050 |
|
4 |
|a HD6456
|b .T43 2013
|
| 082 |
0 |
4 |
|a 330.9
|2 23
|
| 245 |
0 |
0 |
|a Technology, skills and the pre-modern economy in the East and the West
|h [electronic resource] :
|b essays dedicated to the memory of S.R. Epstein /
|c edited by Maarten Prak and Jan Luiten van Zanden.
|
| 260 |
|
|
|a Leiden :
|b Brill,
|c 2013.
|
| 300 |
|
|
|a xviii, 353 p. :
|b ill
|
| 490 |
0 |
|
|a Global economics history series ;
|v volume 10
|
| 504 |
|
|
|a Includes bibliographical references and index.
|
| 533 |
|
|
|a Electronic reproduction. Ann Arbor, MI : ProQuest, 2015. Available via World Wide Web. Access may be limited to ProQuest affiliated libraries.
|
| 650 |
|
0 |
|a Guilds
|x History.
|
| 650 |
|
0 |
|a Skilled labor
|x History.
|
| 650 |
|
0 |
|a Industrialization
|x History.
|
| 650 |
|
0 |
|a Technological innovations
|x History.
|
| 650 |
|
0 |
|a Economic history.
|
| 655 |
|
4 |
|a Electronic books.
|
| 700 |
1 |
|
|a Epstein, Stephan R.,
|d 1960-2007.
|
| 700 |
1 |
|
|a Prak, Maarten Roy,
|d 1955-
|
| 700 |
1 |
|
|a Zanden, J. L. van.
|
| 710 |
2 |
|
|a ProQuest (Firm)
|
| 856 |
4 |
0 |
|u https://ebookcentral.proquest.com/lib/matrademy/detail.action?docID=1214121
|z Click to View
|